000 00372nam a2200181Ia 4500
100 _aRodgers/Glen E
650 _aInorganic Chemistry
250 _a3
942 _cBK
366 _f25
654 _ainorganic chemistry
245 _aInorganic Chemistry
260 _bCengage Learning
_c2012
082 _bROD
300 _a624
546 _aENGLISH
999 _c18396
_d18396